Svetové hospodárstvo a migrácia

Počet migrujúcich vo svete za lepšími životnými podmienkami. Odhad za rok 2006. Populačné pohyby. Mimoekonomické podnety migrácie. Pojem migrácia. Migrácia a globalizácia. Globálna ekonomika značne oslabila funkciu a reálnu moc štátu. Európska bilancia pohybu svetovej populácie. Príčiny migrácie - p...

Ausführliche Beschreibung

Gespeichert in:
Bibliographische Detailangaben
1. Verfasser: Pressburg, Adrian Peter
Format: Buchkapitel
Sprache:Slowakisch
Schlagworte:
Tags: Tag hinzufügen
Keine Tags, Fügen Sie das erste Tag hinzu!

MARC

LEADER 00000naa$a2200000$$$4500
001 0051830
005 20231009072909.3
041 0 |a slo 
044 |a SK 
245 1 0 |a Svetové hospodárstvo a migrácia  |c Adrian Peter Pressburg 
520 |a Počet migrujúcich vo svete za lepšími životnými podmienkami. Odhad za rok 2006. Populačné pohyby. Mimoekonomické podnety migrácie. Pojem migrácia. Migrácia a globalizácia. Globálna ekonomika značne oslabila funkciu a reálnu moc štátu. Európska bilancia pohybu svetovej populácie. Príčiny migrácie - práca alebo vidina lepšieho života. Snaha o cielenú prisťahovaleckú politiku. 
610 2 0 |a migrácia 
610 2 0 |a globalizácia 
610 2 0 |a hospodárstvo svetové 
610 2 0 |a práca 
610 2 0 |a úroveň životná 
610 2 0 |a svet 
610 2 0 |a Európa 
610 2 0 |a USA 
100 1 |a Pressburg, Adrian Peter